Схемы включения счетчиков электрической энергии: практическое пособие

Бібліографічні деталі
Інші автори: Загорский Я. Т. (редактор), Рощин В. А. (составитель)
Резюме:Рассмотрены различные схемы включения счетчиков электрической энергии, применяемых на энергообъектах. Показаны примеры негативных последствий от неправильного подключения счетчиков. Приведены результаты экспериментального определения погрешностей счетчиков и трансформаторов тока. Даны практические рекомендации по проверке схем подключения счетчиков, по порядку их замены и др. Для специалистов метрологических служб, энергосбыта и электроцехов. Может быть рекомендовано специалистам Госстандарта России, инспекторам по энергетическому надзору, ответственным за электрохозяйство потребителей электроэнергии.
Мова:Російська
Опубліковано: Москва, Энас, 2006
Редагування:2-е изд., испр. и доп.
Предмети:
Формат: MixedMaterials Книга
KOHA link:https://koha.lib.tpu.ru/cgi-bin/koha/opac-detail.pl?biblionumber=109714

MARC

LEADER 00000nam0a2200000 4500
001 109714
005 20231031120136.0
010 |a 593196598X 
035 |a (RuTPU)RU\TPU\book\118477 
090 |a 109714 
100 |a 20070212d2006 km y0rusy50 ca 
101 0 |a rus 
102 |a RU 
105 |a a j 001zy 
200 1 |a Схемы включения счетчиков электрической энергии  |e практическое пособие  |f под ред. Я. Т. Загорского, сост. В. А. Рощин 
205 |a 2-е изд., испр. и доп. 
210 |a Москва  |c Энас  |d 2006 
215 |a 64 с.  |c ил. 
320 |a Библиогр.: с. 61-62. 
330 |a Рассмотрены различные схемы включения счетчиков электрической энергии, применяемых на энергообъектах. Показаны примеры негативных последствий от неправильного подключения счетчиков. Приведены результаты экспериментального определения погрешностей счетчиков и трансформаторов тока. Даны практические рекомендации по проверке схем подключения счетчиков, по порядку их замены и др. Для специалистов метрологических служб, энергосбыта и электроцехов. Может быть рекомендовано специалистам Госстандарта России, инспекторам по энергетическому надзору, ответственным за электрохозяйство потребителей электроэнергии. 
610 1 |a электрическая энергия 
610 1 |a счетчики 
610 1 |a включение 
610 1 |a индукционные измерительные механизмы 
610 1 |a измерение 
610 1 |a точность 
610 1 |a схемы включения 
610 1 |a безопасность 
610 1 |a практические пособия 
675 |a 621.317.785(07)  |v 3 
702 1 |a Загорский  |b Я. Т.  |4 340 
702 1 |a Рощин  |b В. А.  |4 220 
801 1 |a RU  |b 63413507  |c 20070212  |g PSBO 
801 2 |a RU  |b 63413507  |c 20070410  |g PSBO 
942 |c BK 
959 |a 13/20070212  |d 1  |e 131,00  |f ЧЗТЛ:1